UM Logo

The law of possibilities : (Record no. 14151)

MARC details
000 -LEADER
fixed length control field 01468cam a2200313 i 4500
001 - CONTROL NUMBER
control field 20225527
005 - DATE AND TIME OF LATEST TRANSACTION
control field 20200212102054.0
008 - FIXED-LENGTH DATA ELEMENTS--GENERAL INFORMATION
fixed length control field 171219s2018 cau b 000 0 eng
010 ## - LIBRARY OF CONGRESS CONTROL NUMBER
LC control number 2017049051
020 ## - INTERNATIONAL STANDARD BOOK NUMBER
International Standard Book Number 978-93-528-0572-3 (pbk : alk. paper)
020 ## - INTERNATIONAL STANDARD BOOK NUMBER
International Standard Book Number 978-93-528-0573-0 (epub 2.0)
040 ## - CATALOGING SOURCE
Original cataloging agency DLC
Language of cataloging eng
Transcribing agency DLC
Description conventions rda
Modifying agency DLC
042 ## - AUTHENTICATION CODE
Authentication code pcc
050 00 - LIBRARY OF CONGRESS CALL NUMBER
Classification number BF723.P67
Item number R67 2018
082 00 - DEWEY DECIMAL CLASSIFICATION NUMBER
Classification number DC 158
Edition number 2018
Item number R739
100 1# - MAIN ENTRY--PERSONAL NAME
Personal name Rosting, Anne-Mette,
Dates associated with a name 1955-
Relator term author.
9 (RLIN) 39262
245 14 - TITLE STATEMENT
Title The law of possibilities :
Remainder of title how to get what you want /
Statement of responsibility, etc. Anne-Mette Rosting.
260 ## - PUBLICATION, DISTRIBUTION, ETC. (IMPRINT)
Place of publication, distribution, etc. Los Angeles :
Name of publisher, distributor, etc. SAGE,
Date of publication, distribution, etc. 2018.
300 ## - PHYSICAL DESCRIPTION
Extent xxiii, 196 pages ;
Dimensions 22 cm
504 ## - BIBLIOGRAPHY, ETC. NOTE
Bibliography, etc Includes bibliographical references.
505 0# - FORMATTED CONTENTS NOTE
Formatted contents note The law of possibilities -- The possibility-virus and the possibility-agent -- How the law of possibilities works -- Humility and gratitude -- Possibility-rules -- Possibility-possibilities -- Inspiring possibilities -- Taking action -- Possibilities for the more experienced -- Why is this book for you? -- A bit about everything -- Bibliography -- About the author.
650 #0 - SUBJECT ADDED ENTRY--TOPICAL TERM
Topical term or geographic name as entry element Possibility
General subdivision Psychological aspects.
9 (RLIN) 39263
650 #0 - SUBJECT ADDED ENTRY--TOPICAL TERM
Topical term or geographic name as entry element Success.
9 (RLIN) 39264
650 #0 - SUBJECT ADDED ENTRY--TOPICAL TERM
Topical term or geographic name as entry element Positive psychology.
9 (RLIN) 279
365 ## - TRADE PRICE
Price amount 1,760.00
Currency code Php
906 ## - LOCAL DATA ELEMENT F, LDF (RLIN)
a 7
b cbc
c orignew
d 1
e ecip
f 20
g y-gencatlg
942 ## - ADDED ENTRY ELEMENTS (KOHA)
Source of classification or shelving scheme Dewey Decimal Classification
Koha item type Circulation
Holdings
Withdrawn status Lost status Source of classification or shelving scheme Damaged status Not for loan Collection code Home library Current library Shelving location Date acquired Source of acquisition Cost, normal purchase price Total Checkouts Full call number Barcode Date last seen Date last checked out Price effective from Koha item type
    Dewey Decimal Classification     Circulation UM Digos College - LIC UM Digos College - LIC Book Cart 08/08/2019 Purchased 1760.00 4 DC 158 R739 2018 25450 09/01/2025 08/28/2025 08/22/2019 Circulation